000 00500nam a2200193Ia 4500
005 20250326145415.0
008 250326s9999 xx 000 0 und d
037 _aTextbook
040 _aFMSL
_beng
_cFMSL
041 _aeng
_2eng
084 _qFMSL
100 _aFrench J
_9740890
245 0 _astrategic social marketing
_cFrench J; Gordon R
260 _aLondon
_bLondon, Sage
_c2015
365 _b3561.2800000000002
650 _aManagement
942 _cTB
999 _c1307470
_d1307470